000 00326nam a2200145Ia 4500
999 _c5886
_d5886
003 OSt
008 191201s2013 xx 000 0 und d
100 _aSINGH, Parbin
245 0 _aCivil Engineering Materials
250 _aRep
260 _aN. delhi
_bkatson
_c2013
300 _a279
650 _aB.Tech(CE)
942 _2ddc
_cBK